00639nam a2200193Ia 4500008004100000020001800041082001700059100001400076245008100090250000700171260004200178300002400220500001900244600001500263650001500278942000700293952012800300999001700428240925s9999 xx 000 0 und d a9780470666210 a658.4013 BAS aBasu, Ron 0aFit Sigma: a learn approach to building sustainable quality beyond six sigma aNA aNew Delhi:bJohn Wiley & Sonsc,2011. a365p.bNAfOriginal aIncludes Index aManagement aManagement cBK 001040708MANaUITUbUITUd2019-01-29eBook Stationg600.00l0o658.4013 BASpQ14172r2024-09-25 07:17:12w2024-09-25yBK c16671d16671